00416nam a2200133Ia 4500003000400000005001700004008004100021040000600062082001700068245010200085260007000187300001100257650001400268OSt20250802133104.0250310s9999||||xx |||||||||||||| ||und|| c. a954.08bM712 0aThe Collected Works of Mahatma Gandhi, Vol-IV /cMinistry of information and Broad Casting, India aDelhi :b Ministry of information and Broad Casting India,c1960. a520 p. 0aBiography